| 000 | 01050nam a2200325Ia 4500 | ||
|---|---|---|---|
| 001 | dia_117 | ||
| 003 | CHAP | ||
| 005 | 20221206142634.0 | ||
| 008 | 220117s1990 xx 000 0 und d | ||
| 010 | _a170549 | ||
| 020 | _a0-07-881575-4 | ||
| 040 | _cCHAP | ||
| 082 | _a005.265 F45 1990 | ||
| 100 |
_aFeibel, Werner _9147246 |
||
| 245 |
_aTurbo Pascal DiskTutor / _c Werner Feibel |
||
| 260 |
_aEstados Unidos de América : _b McGraw-Hill :, _b Osborne, _c1990 |
||
| 300 | _axxix, 701 p. | ||
| 440 |
_aBorland-Osborne/McGraw-Hill programming series _9147247 |
||
| 500 | _aNo se tienen los disketts | ||
| 503 | _aI. 157283 | ||
| 590 | _aQA76.73.P35 F45 1990 | ||
| 650 |
_aPascal (Computer program language) _9147248 |
||
| 650 |
_aPascal (Lenguajes de programación) _9147249 |
||
| 650 |
_aTurbo Pascal (Computer file) _9147250 |
||
| 650 |
_aTurbo Pascal (programación) _9115591 |
||
| 901 | _a005.265 F45 1990 | ||
| 902 | _aM | ||
| 905 | _a5232271990 -usm 8222223322eng16 | ||
| 942 |
_cLIBRO _2ddc |
||
| 999 |
_c170549 _d170549 |
||